Oral pathology : (Record no. 84956)

MARC details
000 -LEADER
fixed length control field 00979pam a2200325 a 4500
001 - CONTROL NUMBER
control field 4868483
003 - CONTROL NUMBER IDENTIFIER
control field CBULib
005 - DATE AND TIME OF LATEST TRANSACTION
control field 20240423123822.0
008 - FIXED-LENGTH DATA ELEMENTS--GENERAL INFORMATION
fixed length control field 920421s1993 paua b 001 0 eng c
010 ## - LIBRARY OF CONGRESS CONTROL NUMBER
LC control number 92015452
020 ## - INTERNATIONAL STANDARD BOOK NUMBER
International Standard Book Number 0721636217
040 ## - CATALOGING SOURCE
Original cataloging agency DNLM/DLC
Transcribing agency DLC
Modifying agency DLC
050 10 - LIBRARY OF CONGRESS CALL NUMBER
Classification number RC815
Item number .R39 1993
060 ## - NATIONAL LIBRARY OF MEDICINE CALL NUMBER
Classification number WU 140 R333o
082 00 - DEWEY DECIMAL CLASSIFICATION NUMBER
Classification number 617.5/22
Edition number 20
100 1# - MAIN ENTRY--PERSONAL NAME
Personal name Regezi, Joseph A.
245 10 - TITLE STATEMENT
Title Oral pathology :
Remainder of title clinical-pathologic correlations /
Statement of responsibility, etc. Joseph A. Regezi, James Sciubba.
250 ## - EDITION STATEMENT
Edition statement 2nd ed.
260 ## - PUBLICATION, DISTRIBUTION, ETC.
Place of publication, distribution, etc. Philadelphia :
Name of publisher, distributor, etc. Saunders,
Date of publication, distribution, etc. c1993.
300 ## - PHYSICAL DESCRIPTION
Extent xv, 105, 615 p. :
Other physical details ill. ;
Dimensions 27 cm.
504 ## - BIBLIOGRAPHY, ETC. NOTE
Bibliography, etc. note Includes bibliographical references and index.
650 #0 - SUBJECT ADDED ENTRY--TOPICAL TERM
Topical term or geographic name entry element Mouth
General subdivision Diseases.
650 #0 - SUBJECT ADDED ENTRY--TOPICAL TERM
Topical term or geographic name entry element Teeth
General subdivision Diseases.
650 #2 - SUBJECT ADDED ENTRY--TOPICAL TERM
Topical term or geographic name entry element Mouth Diseases.
650 #2 - SUBJECT ADDED ENTRY--TOPICAL TERM
Topical term or geographic name entry element Tooth Diseases.
700 1# - ADDED ENTRY--PERSONAL NAME
Personal name Sciubba, James J.
906 ## - LOCAL DATA ELEMENT F, LDF (RLIN)
a 7
b cbc
c orignew
d 1
e ocip
f 19
g y-gencatlg
942 ## - ADDED ENTRY ELEMENTS (KOHA)
Source of classification or shelving scheme
Koha item type MONOGRAPH
Edition 2nd. ed
Suppress in OPAC No
Holdings
Withdrawn status Lost status Source of classification or shelving scheme Damaged status Not for loan Collection code Home library Current library Shelving location Date acquired Inventory number Total Checkouts Barcode Date last seen Price effective from Koha item type
          Medical Library Collection CBU-SCHOOL OF MEDICINE LIBRARY, NDOLA. CBU-SCHOOL OF MEDICINE LIBRARY, NDOLA. General Stacks 04/23/2024 RC 815 Reg   903005 04/23/2024 04/23/2024 MONOGRAPH